[Event "ODJM A 2025"]
[Site "Willingen GER"]
[Date "2025.06.12"]
[Round "7"]
[White "Hoffmann, Alexander"]
[Black "Weeke, Tom"]
[Result "1-0"]
[Termination "normal"]
[Board "35"]
[WhiteElo "1907"]
[BlackElo "1843"]
[WhiteClock "00:27:57"]
[BlackClock "00:44:56"]
[PlyCount "89"]
[WhiteFideId "16240219"]
[BlackFideId "34607080"]
[EventCountry "GER"]
[EventRounds "9"]
[EventType "swiss"]
[EventDate "2025.06.07"]

1. c4 {[%clk 01:30:58]} {[%emt 00:00:02]} e5 {[%clk 01:30:49]} {[%emt
00:00:11]} 2. g3 {[%clk 01:31:05]} {[%emt 00:00:24]} Nf6 {[%clk 01:31:12]}
{[%emt 00:00:06]} 3. Bg2 {[%clk 01:31:30]} {[%emt 00:00:05]} c6 {[%clk
01:31:32]} {[%emt 00:00:11]} 4. Nc3 {[%clk 01:29:03]} {[%emt 00:02:56]} d5
{[%clk 01:30:06]} {[%emt 00:01:56]} 5. cxd5 {[%clk 01:29:16]} {[%emt 00:00:17]}
cxd5 {[%clk 01:30:30]} {[%emt 00:00:06]} 6. Qb3 {[%clk 01:27:19]} {[%emt
00:02:27]} Nc6 {[%clk 01:20:36]} {[%emt 00:10:23]} 7. Nxd5 {[%clk 01:16:00]}
{[%emt 00:11:51]} Nd4 {[%clk 01:08:38]} {[%emt 00:12:27]} 8. Nxf6+ {[%clk
01:13:13]} {[%emt 00:03:17]} gxf6 {[%clk 01:07:51]} {[%emt 00:01:16]} 9. Qd1
{[%clk 01:12:39]} {[%emt 00:01:05]} Bf5 {[%clk 01:06:08]} {[%emt 00:02:10]} 10.
e4 {[%clk 01:03:50]} {[%emt 00:09:22]} Qc7 {[%clk 01:02:33]} {[%emt 00:04:04]}
11. exf5 {[%clk 01:02:13]} {[%emt 00:02:08]} Nc2+ {[%clk 00:56:39]} {[%emt
00:06:23]} 12. Ke2 {[%clk 01:01:53]} {[%emt 00:00:51]} Nxa1 {[%clk 00:56:14]}
{[%emt 00:00:55]} 13. Qa4+ {[%clk 00:51:20]} {[%emt 00:11:03]} Kd8 {[%clk
00:54:42]} {[%emt 00:02:02]} 14. Kd1 {[%clk 00:46:50]} {[%emt 00:04:59]} Rc8
{[%clk 00:46:14]} {[%emt 00:08:58]} 15. Ne2 {[%clk 00:46:53]} {[%emt 00:00:28]}
Nc2 {[%clk 00:46:03]} {[%emt 00:00:40]} 16. Be4 {[%clk 00:40:07]} {[%emt
00:07:16]} Nd4 {[%clk 00:44:52]} {[%emt 00:01:41]} 17. Qxa7 {[%clk 00:34:04]}
{[%emt 00:06:33]} Qc4 {[%clk 00:40:18]} {[%emt 00:05:04]} 18. Qb6+ {[%clk
00:29:31]} {[%emt 00:05:04]} Ke7 {[%clk 00:39:33]} {[%emt 00:01:14]} 19. Nc3
{[%clk 00:28:44]} {[%emt 00:01:17]} Bg7 {[%clk 00:26:52]} {[%emt 00:13:10]} 20.
Qxb7+ {[%clk 00:20:54]} {[%emt 00:08:21]} Kf8 {[%clk 00:26:55]} {[%emt
00:00:28]} 21. b3 {[%clk 00:17:14]} {[%emt 00:04:09]} Qc7 {[%clk 00:26:12]}
{[%emt 00:01:13]} 22. Ba3+ {[%clk 00:17:05]} {[%emt 00:00:40]} Ke8 {[%clk
00:25:44]} {[%emt 00:00:57]} 23. Qxc7 {[%clk 00:15:15]} {[%emt 00:02:20]} Rxc7
{[%clk 00:26:13]} 24. Bd6 {[%clk 00:14:27]} {[%emt 00:01:18]} Rd7 {[%clk
00:25:13]} {[%emt 00:01:30]} 25. Bc5 {[%clk 00:14:41]} {[%emt 00:00:17]} Bf8
{[%clk 00:23:34]} {[%emt 00:02:09]} 26. Bxf8 {[%clk 00:13:44]} {[%emt
00:01:27]} Kxf8 {[%clk 00:23:14]} {[%emt 00:00:49]} 27. Ne2 {[%clk 00:13:48]}
{[%emt 00:00:28]} Ke7 {[%clk 00:22:26]} {[%emt 00:01:17]} 28. Nxd4 {[%clk
00:13:44]} {[%emt 00:00:34]} Rxd4 {[%clk 00:20:00]} {[%emt 00:02:57]} 29. d3
{[%clk 00:14:01]} {[%emt 00:00:13]} Rc8 {[%clk 00:18:36]} {[%emt 00:01:52]} 30.
Kd2 {[%clk 00:14:25]} {[%emt 00:00:37]} Rc5 {[%clk 00:18:51]} {[%emt 00:00:44]}
31. a3 {[%clk 00:13:28]} {[%emt 00:01:28]} Kd6 {[%clk 00:18:37]} {[%emt
00:00:43]} 32. b4 {[%clk 00:13:09]} {[%emt 00:00:50]} Rc7 {[%clk 00:18:34]}
{[%emt 00:00:33]} 33. Ra1 {[%clk 00:12:31]} {[%emt 00:01:07]} Kd7 {[%clk
00:17:08]} {[%emt 00:01:57]} 34. b5 {[%clk 00:11:33]} {[%emt 00:01:29]} Ra4
{[%clk 00:14:45]} {[%emt 00:02:52]} 35. b6 {[%clk 00:09:55]} {[%emt 00:02:08]}
Rc8 {[%clk 00:14:53]} {[%emt 00:00:21]} 36. b7 {[%clk 00:08:56]} {[%emt
00:01:31]} Rb8 {[%clk 00:15:18]} {[%emt 00:00:04]} 37. f3 {[%clk 00:09:01]}
{[%emt 00:00:25]} Rxe4 {[%clk 00:13:36]} {[%emt 00:02:12]} 38. fxe4 {[%clk
00:09:16]} {[%emt 00:00:15]} Rxb7 {[%clk 00:14:01]} {[%emt 00:00:05]} 39. Ra2
{[%clk 00:09:09]} {[%emt 00:00:37]} Kd6 {[%clk 00:14:04]} {[%emt 00:00:26]} 40.
a4 {[%clk 00:06:52]} {[%emt 00:02:47]} Ra7 {[%clk 00:14:19]} {[%emt 00:00:15]}
41. a5 {[%clk 00:03:53]} {[%emt 00:03:30]} Ra6 {[%clk 00:14:41]} {[%emt
00:00:08]} 42. Kc3 {[%clk 00:03:24]} {[%emt 00:00:59]} Kc5 {[%clk 00:15:05]}
{[%emt 00:00:06]} 43. g4 {[%clk 00:00:34]} {[%emt 00:03:19]} Kb5 {[%clk
00:15:03]} {[%emt 00:00:33]} 44. Rb2+ {[%clk 00:28:30]} {[%emt 00:02:35]} Kc5
{[%clk 00:44:56]} {[%emt 00:00:35]} 45. Rb7 {[%clk 00:27:57]} {[%emt 00:01:03]}
1-0

[Event "ODJM A 2025"]
[Site "Willingen GER"]
[Date "2025.06.12"]
[Round "7"]
[White "Jürgenpott, Maximilian"]
[Black "Retzlaff, Kian"]
[Result "0-1"]
[Termination "normal"]
[Board "36"]
[WhiteElo "1867"]
[BlackElo "1946"]
[WhiteClock "00:16:54"]
[BlackClock "00:16:37"]
[PlyCount "56"]
[WhiteFideId "16297733"]
[BlackFideId "34606700"]
[EventCountry "GER"]
[EventRounds "9"]
[EventType "swiss"]
[EventDate "2025.06.07"]

1. c4 {[%clk 01:30:54]} {[%emt 00:00:06]} Nf6 {[%clk 01:30:55]} {[%emt
00:00:05]} 2. Nc3 {[%clk 01:31:20]} {[%emt 00:00:05]} g6 {[%clk 01:31:20]}
{[%emt 00:00:04]} 3. e4 {[%clk 01:31:45]} {[%emt 00:00:05]} d6 {[%clk
01:31:12]} {[%emt 00:00:38]} 4. g3 {[%clk 01:32:07]} {[%emt 00:00:08]} Bg7
{[%clk 01:30:55]} {[%emt 00:00:47]} 5. Bg2 {[%clk 01:32:30]} {[%emt 00:00:07]}
c5 {[%clk 01:27:08]} {[%emt 00:04:17]} 6. Nge2 {[%clk 01:32:24]} {[%emt
00:00:36]} Nc6 {[%clk 01:26:20]} {[%emt 00:01:17]} 7. O-O {[%clk 01:32:30]}
{[%emt 00:00:25]} O-O {[%clk 01:25:32]} {[%emt 00:01:17]} 8. d3 {[%clk
01:32:51]} {[%emt 00:00:10]} a6 {[%clk 01:19:33]} {[%emt 00:06:27]} 9. a4
{[%clk 01:29:58]} {[%emt 00:03:26]} e5 {[%clk 01:11:03]} {[%emt 00:08:59]} 10.
h3 {[%clk 01:29:55]} {[%emt 00:00:33]} Be6 {[%clk 01:06:10]} {[%emt 00:05:23]}
11. Kh2 {[%clk 01:29:57]} {[%emt 00:00:27]} Qd7 {[%clk 01:04:27]} {[%emt
00:02:13]} 12. f4 {[%clk 01:21:17]} {[%emt 00:09:10]} Nd4 {[%clk 00:57:15]}
{[%emt 00:07:43]} 13. g4 {[%clk 01:07:54]} {[%emt 00:13:53]} Nxe2 {[%clk
00:53:05]} {[%emt 00:04:38]} 14. Qxe2 {[%clk 01:06:46]} {[%emt 00:01:40]} exf4
{[%clk 00:52:40]} {[%emt 00:00:55]} 15. Bxf4 {[%clk 01:07:00]} {[%emt
00:00:17]} h5 {[%clk 00:42:12]} {[%emt 00:10:57]} 16. g5 {[%clk 00:43:02]}
{[%emt 00:24:27]} Nh7 {[%clk 00:42:21]} {[%emt 00:00:22]} 17. Nd5 {[%clk
00:42:56]} {[%emt 00:00:36]} Bxd5 {[%clk 00:41:01]} {[%emt 00:01:50]} 18. exd5
{[%clk 00:42:32]} {[%emt 00:00:53]} Rfe8 {[%clk 00:29:13]} {[%emt 00:12:18]}
19. Qc2 {[%clk 00:38:22]} {[%emt 00:04:39]} Be5 {[%clk 00:27:14]} {[%emt
00:02:30]} 20. Qf2 {[%clk 00:37:15]} {[%emt 00:01:37]} Nxg5 {[%clk 00:23:10]}
{[%emt 00:04:34]} 21. Bxe5 {[%clk 00:37:37]} {[%emt 00:00:08]} Rxe5 {[%clk
00:22:50]} {[%emt 00:00:50]} 22. h4 {[%clk 00:37:32]} {[%emt 00:00:35]} Nh7
{[%clk 00:22:57]} {[%emt 00:00:20]} 23. Bh3 {[%clk 00:37:06]} {[%emt 00:00:59]}
Qe7 {[%clk 00:22:00]} {[%emt 00:01:25]} 24. Rae1 {[%clk 00:37:06]} {[%emt
00:00:33]} Re8 {[%clk 00:21:33]} {[%emt 00:00:56]} 25. Rxe5 {[%clk 00:30:36]}
{[%emt 00:07:01]} Qxe5+ {[%clk 00:21:36]} {[%emt 00:00:22]} 26. Kh1 {[%clk
00:30:40]} {[%emt 00:00:31]} Re7 {[%clk 00:19:31]} {[%emt 00:02:34]} 27. Rg1
{[%clk 00:26:02]} {[%emt 00:05:08]} Qe3 {[%clk 00:16:11]} {[%emt 00:03:51]} 28.
Qf5 {[%clk 00:16:54]} {[%emt 00:09:35]} Qxg1+ {[%clk 00:16:37]} {[%emt
00:00:07]} 0-1

[Event "ODJM A 2025"]
[Site "Willingen GER"]
[Date "2025.06.12"]
[Round "7"]
[White "Meyer, Henry Paul"]
[Black "Seifert, Hendrik"]
[Result "1/2-1/2"]
[Termination "normal"]
[Board "37"]
[WhiteElo "1841"]
[BlackElo "1811"]
[WhiteClock "00:25:16"]
[BlackClock "00:13:24"]
[PlyCount "43"]
[WhiteFideId "34645802"]
[BlackFideId "16241193"]
[EventCountry "GER"]
[EventRounds "9"]
[EventType "swiss"]
[EventDate "2025.06.07"]

1. d4 {[%clk 01:30:55]} {[%emt 00:00:04]} d5 {[%clk 01:30:45]} {[%emt
00:00:16]} 2. c4 {[%clk 01:31:18]} {[%emt 00:00:07]} e6 {[%clk 01:31:06]}
{[%emt 00:00:09]} 3. Nc3 {[%clk 01:31:41]} {[%emt 00:00:06]} a6 {[%clk
01:31:13]} {[%emt 00:00:22]} 4. cxd5 {[%clk 01:31:59]} {[%emt 00:00:13]} exd5
{[%clk 01:31:34]} {[%emt 00:00:09]} 5. Nf3 {[%clk 01:32:21]} {[%emt 00:00:08]}
Nf6 {[%clk 01:31:55]} {[%emt 00:00:09]} 6. Bg5 {[%clk 01:32:40]} {[%emt
00:00:11]} Be7 {[%clk 01:32:20]} {[%emt 00:00:06]} 7. e3 {[%clk 01:33:00]}
{[%emt 00:00:09]} h6 {[%clk 01:32:39]} {[%emt 00:00:11]} 8. Bf4 {[%clk
01:32:47]} {[%emt 00:00:43]} O-O {[%clk 01:32:04]} {[%emt 00:01:04]} 9. Bd3
{[%clk 01:32:55]} {[%emt 00:00:23]} Bd6 {[%clk 01:29:15]} {[%emt 00:03:19]} 10.
O-O {[%clk 01:29:33]} {[%emt 00:03:51]} c6 {[%clk 01:27:40]} {[%emt 00:02:06]}
11. Qd2 {[%clk 01:20:11]} {[%emt 00:09:52]} Re8 {[%clk 01:21:06]} {[%emt
00:07:04]} 12. Rfe1 {[%clk 01:14:33]} {[%emt 00:06:07]} Ne4 {[%clk 01:10:39]}
{[%emt 00:10:57]} 13. Qc2 {[%clk 01:10:12]} {[%emt 00:04:51]} Bf5 {[%clk
00:51:07]} {[%emt 00:20:02]} 14. Rac1 {[%clk 01:02:44]} {[%emt 00:07:58]} Nxc3
{[%clk 00:44:28]} {[%emt 00:07:09]} 15. bxc3 {[%clk 00:52:42]} {[%emt
00:10:33]} Bxd3 {[%clk 00:42:17]} {[%emt 00:02:41]} 16. Qxd3 {[%clk 00:52:45]}
{[%emt 00:00:27]} Qc7 {[%clk 00:38:50]} {[%emt 00:03:57]} 17. Bxd6 {[%clk
00:48:35]} {[%emt 00:04:40]} Qxd6 {[%clk 00:36:44]} {[%emt 00:02:37]} 18. c4
{[%clk 00:46:01]} {[%emt 00:03:03]} dxc4 {[%clk 00:31:58]} {[%emt 00:05:15]}
19. Qxc4 {[%clk 00:42:40]} {[%emt 00:03:51]} Nd7 {[%clk 00:23:47]} {[%emt
00:08:42]} 20. Qb3 {[%clk 00:36:07]} {[%emt 00:07:02]} b5 {[%clk 00:20:03]}
{[%emt 00:04:14]} 21. Red1 {[%clk 00:32:35]} {[%emt 00:04:02]} Rec8 {[%clk
00:13:24]} {[%emt 00:07:09]} 22. h3 {[%clk 00:25:16]} {[%emt 00:07:49]} 1/2-1/2

[Event "ODJM A 2025"]
[Site "Willingen GER"]
[Date "2025.06.12"]
[Round "7"]
[White "Arne, Jonas"]
[Black "Grabowski, Joshua"]
[Result "1-0"]
[Termination "normal"]
[Board "38"]
[WhiteElo "1938"]
[BlackElo "1819"]
[WhiteClock "00:01:00"]
[BlackClock "00:14:11"]
[PlyCount "77"]
[WhiteFideId "34640398"]
[BlackFideId "34678344"]
[EventCountry "GER"]
[EventRounds "9"]
[EventType "swiss"]
[EventDate "2025.06.07"]

1. b4 {[%clk 01:30:54]} {[%emt 00:00:06]} e5 {[%clk 01:24:28]} {[%emt
00:06:32]} 2. Bb2 {[%clk 01:30:36]} {[%emt 00:00:48]} f6 {[%clk 01:17:54]}
{[%emt 00:07:04]} 3. b5 {[%clk 01:23:44]} {[%emt 00:07:22]} d5 {[%clk
01:10:24]} {[%emt 00:07:56]} 4. e3 {[%clk 01:20:49]} {[%emt 00:03:29]} Be6
{[%clk 01:07:19]} {[%emt 00:03:33]} 5. d4 {[%clk 01:18:10]} {[%emt 00:03:10]}
e4 {[%clk 01:04:16]} {[%emt 00:03:33]} 6. Nd2 {[%clk 01:16:08]} {[%emt
00:02:33]} Bb4 {[%clk 01:00:59]} {[%emt 00:03:46]} 7. c3 {[%clk 01:15:32]}
{[%emt 00:01:06]} Bd6 {[%clk 00:57:24]} {[%emt 00:04:06]} 8. Ne2 {[%clk
00:59:37]} {[%emt 00:16:25]} Nd7 {[%clk 00:54:58]} {[%emt 00:02:56]} 9. c4
{[%clk 00:56:22]} {[%emt 00:03:44]} c6 {[%clk 00:52:55]} {[%emt 00:02:33]} 10.
c5 {[%clk 00:52:02]} {[%emt 00:04:50]} Bc7 {[%clk 00:53:06]} {[%emt 00:00:17]}
11. Nc3 {[%clk 00:51:29]} {[%emt 00:01:05]} Ne7 {[%clk 00:52:26]} {[%emt
00:01:10]} 12. Be2 {[%clk 00:50:18]} {[%emt 00:01:42]} O-O {[%clk 00:51:34]}
{[%emt 00:01:21]} 13. O-O {[%clk 00:48:43]} {[%emt 00:02:05]} f5 {[%clk
00:50:02]} {[%emt 00:02:02]} 14. f4 {[%clk 00:47:55]} {[%emt 00:01:17]} Rf6
{[%clk 00:47:15]} {[%emt 00:03:18]} 15. Rf2 {[%clk 00:31:38]} {[%emt 00:16:47]}
Rh6 {[%clk 00:44:43]} {[%emt 00:03:03]} 16. Nf1 {[%clk 00:30:49]} {[%emt
00:01:18]} Nf6 {[%clk 00:43:19]} {[%emt 00:01:54]} 17. a4 {[%clk 00:26:24]}
{[%emt 00:04:55]} Ng4 {[%clk 00:42:22]} {[%emt 00:01:27]} 18. Bxg4 {[%clk
00:26:35]} {[%emt 00:00:19]} fxg4 {[%clk 00:42:46]} {[%emt 00:00:06]} 19. Ng3
{[%clk 00:25:15]} {[%emt 00:01:51]} Nf5 {[%clk 00:40:54]} {[%emt 00:02:20]} 20.
Nxf5 {[%clk 00:23:41]} {[%emt 00:02:05]} Bxf5 {[%clk 00:41:17]} {[%emt
00:00:07]} 21. g3 {[%clk 00:20:50]} {[%emt 00:03:21]} g5 {[%clk 00:33:45]}
{[%emt 00:08:02]} 22. Ne2 {[%clk 00:19:46]} {[%emt 00:01:34]} gxf4 {[%clk
00:30:37]} {[%emt 00:03:39]} 23. Nxf4 {[%clk 00:19:37]} {[%emt 00:00:38]} Bxf4
{[%clk 00:30:59]} {[%emt 00:00:09]} 24. Rxf4 {[%clk 00:19:54]} {[%emt
00:00:13]} Qg5 {[%clk 00:31:07]} {[%emt 00:00:16]} 25. Qe2 {[%clk 00:19:26]}
{[%emt 00:01:03]} Rf6 {[%clk 00:28:00]} {[%emt 00:03:35]} 26. Raf1 {[%clk
00:14:37]} {[%emt 00:05:21]} Raf8 {[%clk 00:25:58]} {[%emt 00:02:32]} 27. bxc6
{[%clk 00:11:55]} {[%emt 00:03:13]} Rxc6 {[%clk 00:23:35]} {[%emt 00:02:52]}
28. Qb5 {[%clk 00:11:29]} {[%emt 00:00:56]} Rf7 {[%clk 00:23:02]} {[%emt
00:01:03]} 29. Qb3 {[%clk 00:09:40]} {[%emt 00:02:19]} Be6 {[%clk 00:17:27]}
{[%emt 00:06:02]} 30. Rxf7 {[%clk 00:09:39]} {[%emt 00:00:34]} Bxf7 {[%clk
00:17:52]} {[%emt 00:00:05]} 31. Qxb7 {[%clk 00:09:49]} {[%emt 00:00:20]} Rf6
{[%clk 00:18:12]} {[%emt 00:00:10]} 32. Rf4 {[%clk 00:07:11]} {[%emt 00:03:08]}
Rxf4 {[%clk 00:16:07]} {[%emt 00:02:35]} 33. exf4 {[%clk 00:07:20]} {[%emt
00:00:21]} Qf5 {[%clk 00:16:09]} {[%emt 00:00:24]} 34. Qb3 {[%clk 00:04:12]}
{[%emt 00:03:43]} Qd7 {[%clk 00:15:13]} {[%emt 00:01:24]} 35. Qb8+ {[%clk
00:01:39]} {[%emt 00:03:04]} Kg7 {[%clk 00:15:12]} {[%emt 00:00:24]} 36. Qe5+
{[%clk 00:01:46]} {[%emt 00:00:30]} Kg8 {[%clk 00:15:17]} {[%emt 00:00:19]} 37.
Qg5+ {[%clk 00:01:12]} {[%emt 00:01:10]} Kf8 {[%clk 00:14:59]} {[%emt
00:00:49]} 38. c6 {[%clk 00:00:41]} {[%emt 00:01:01]} Qxc6 {[%clk 00:14:11]}
{[%emt 00:01:17]} 39. Ba3+ {[%clk 00:01:00]} {[%emt 00:00:12]} 1-0